| 000 | 00400nam a2200157Ia 4500 | ||
|---|---|---|---|
| 008 | 151213s9999 xx 000 0 und d | ||
| 100 | _aAlan C. Shapiro | ||
| 245 |
_aMultinational Financial Management _cAlan C. Shapiro |
||
| 250 | _a7th | ||
| 260 |
_aIndia _bJohn Wiley and Sons _c2003 |
||
| 300 | _a6912 p. | ||
| 650 | _aFinance | ||
| 650 | _aFinance | ||
| 700 | _aAlan C. Shapiro | ||
| 999 |
_c3706 _d3706 |
||